El desconcierto del Leviatán (Record no. 178892)

MARC details
000 -LEADER
campo de control de longitud fija 00873nam a2200241 4500
001 - NÚMERO DE CONTROL
campo de control 178892
003 - IDENTIFICADOR DE NÚMERO DE CONTROL
campo de control ES-MaACL
005 - FECHA Y HORA DE LA ÚLTIMA TRANSACCIÓN
campo de control 20250819043104.0
008 - DATOS DE LONGITUD FIJA--INFORMACIÓN GENERAL
campo de control de longitud fija 110729s2009 sp |||| | spa d
020 ## - NÚMERO INTERNACIONAL ESTÁNDAR DEL LIBRO
Número Internacional Estándar del Libro 978-84-9768-585-6
080 ## - NÚMERO DE LA CLASIFICACIÓN DECIMAL UNIVERSAL
Número de la Clasificación Decimal Universal 001:34
080 ## - NÚMERO DE LA CLASIFICACIÓN DECIMAL UNIVERSAL
Número de la Clasificación Decimal Universal 001:32
100 1# - ENTRADA PRINCIPAL--NOMBRE DE PERSONA
Nombre de persona Esteve Pardo, José.
9 (RLIN) 147470
245 13 - MENCIÓN DEL TÍTULO
Título El desconcierto del Leviatán
Resto del título : política y derecho ante las incertidumbres de la ciencia /
Mención de responsabilidad, etc. José Esteve Pardo.
260 ## - PUBLICACIÓN, DISTRIBUCIÓN, ETC.
Lugar de publicación, distribución, etc. Madrid :
Nombre del editor, distribuidor, etc. Marcial Pons, Ediciones Jurídicas y Sociales,
Fecha de publicación, distribución, etc. 2009.
300 ## - DESCRIPCIÓN FÍSICA
Extensión 211 p. ;
Dimensiones 24 cm.
504 ## - NOTA DE BIBLIOGRAFÍA, ETC.
Nota de bibliografía, etc. Referencias bibliográficas.
650 #7 - PUNTO DE ACCESO ADICIONAL DE MATERIA--TÉRMINO DE MATERIA
Término de materia o nombre geográfico como elemento de entrada Ciencia y derecho
Fuente del encabezamiento o término embne
9 (RLIN) 147471
650 #7 - PUNTO DE ACCESO ADICIONAL DE MATERIA--TÉRMINO DE MATERIA
Término de materia o nombre geográfico como elemento de entrada Ciencia-
Subdivisión general Aspectos políticos.
9 (RLIN) 10934
852 ## - LOCALIZACIÓN
Ubicación ES-MaACL
Número de control de estantería A-11388
itemnumber 185758
Sublocalización o colección R.145875
Ubicación en estantería Depósito 1
Signatura antigua Olim: N-4392
942 ## - ELEMENTOS DE ENTRADA SECUNDARIOS (KOHA)
Fuente del sistema de clasificación o colocación Clasificación decimal universal
Tipo de ítem Koha Libro impreso
Holdings
Estatus retirado Estado de pérdida Fuente del sistema de clasificación o colocación Estado de daño No para préstamo Biblioteca de origen Biblioteca actual Ubicación en estantería Fecha de adquisición Fuente de adquisición Total de préstamos Signatura topográfica completa Código de barras Visto por última vez Precio de reemplazo Tipo de ítem Koha
    Clasificación decimal universal     Biblioteca del Ateneo de Madrid Biblioteca del Ateneo de Madrid Depósito 1 29/07/2011 Compra   A-11388 1187912 23/02/2023 23/02/2023 Libro impreso